| Tag |
First Indicator |
Second Indicator |
Subfields |
| LEADER |
00000cam a2200000 a 4500 |
| 001 |
in00002783828 |
| 005 |
20150922144842.0 |
| 008 |
120210s2013 caua bf 001 0 eng |
| 010 |
|
|
|a 2012933000
|
| 019 |
|
|
|a 757474519
|
| 020 |
|
|
|a 9781111840631 (pbk.)
|
| 020 |
|
|
|a 1111840636 (pbk.)
|
| 020 |
|
|
|a 9781133308416 (pbk. : international ed.)
|
| 020 |
|
|
|a 1133308414 (pbk. : international ed.)
|
| 035 |
|
|
|a (OCoLC)ocn795042469
|
| 035 |
|
|
|a (OCoLC)795042469
|
| 040 |
|
|
|a DLC
|b eng
|c DLC
|d BTCTA
|d YDXCP
|d AU@
|d OCLCO
|d SIRPL
|d BWX
|d CDX
|d UtOrBLW
|
| 042 |
|
|
|a pcc
|
| 049 |
|
|
|a TXAM
|
| 050 |
0 |
0 |
|a BF76.7
|b .M58 2013
|
| 082 |
0 |
4 |
|a 808/.06615
|2 23
|
| 100 |
1 |
|
|a Mitchell, Mark L.
|
| 245 |
1 |
0 |
|a Writing for psychology /
|c Mark L. Mitchell and Janina M. Jolley, Robert P. O'Shea.
|
| 250 |
|
|
|a 4th ed.
|
| 264 |
|
1 |
|a Belmont, CA :
|b Wadsworth, Cengage Learning,
|c [2013]
|
| 264 |
|
4 |
|c ©2013
|
| 300 |
|
|
|a xviii, 265 pages :
|b illustrations ;
|c 23 cm.
|
| 336 |
|
|
|a text
|b txt
|2 rdacontent
|
| 337 |
|
|
|a unmediated
|b n
|2 rdamedia
|
| 338 |
|
|
|a volume
|b nc
|2 rdacarrier
|
| 504 |
|
|
|a Includes bibliographical references and index.
|
| 505 |
0 |
|
|a What every student should know about writing psychology papers -- Writing essays and term papers -- Writing research reports and proposals -- Finding, reading, citing, and referencing sources -- Making your case: a guide to skeptical reading and logical writing -- Writing the wrongs: how to avoid gruesome grammar, putrid punctuation, and saggy style -- Preparing the final draft.
|
| 650 |
|
0 |
|a Communication in psychology
|v Handbooks, manuals, etc.
|
| 650 |
|
0 |
|a Psychology
|x Authorship
|v Style manuals.
|
| 700 |
1 |
|
|a Jolley, Janina M.
|
| 700 |
1 |
|
|a O'Shea, Robert P.
|q (Robert Paul)
|
| 938 |
|
|
|a Baker and Taylor
|b BTCP
|n BK0010228107
|
| 938 |
|
|
|a YBP Library Services
|b YANK
|n 6831153
|
| 938 |
|
|
|a Blackwell Book Service
|b BBUS
|n 6831153
|
| 938 |
|
|
|a Coutts Information Services
|b COUT
|n 18350774
|
| 947 |
|
|
|a A14835931704
|
| 945 |
|
|
|a PromptCat
|b 99270
|
| 946 |
|
|
|a stk
|
| 994 |
|
|
|a 92
|b TXA
|
| 948 |
|
|
|a Cataloged
|b h
|c 2012/11/21
|d c
|e EGrant
|
| 999 |
|
|
|a MARS
|
| 999 |
f |
f |
|s 3aa003da-3d79-3f38-a953-c7bf70048b02
|i a8c01a76-0926-31cc-b4de-c7f0ded3a17c
|t 0
|
| 952 |
f |
f |
|p normal
|a Texas A&M University
|b College Station
|c Sterling C. Evans Library
|d Evans: Library Stacks
|t 0
|e BF76.7 .M58 2013
|h Library of Congress classification
|i unmediated -- volume
|m A14843134389
|
| 998 |
f |
f |
|a BF76.7 .M58 2013
|t 0
|l Evans: Library Stacks
|